Culture Générale - Série 922 - Statistiques

Statistiques générales
  • Ce quiz a été pris 107 fois
  • Le résultat moyen est 5 sur 10
Statistiques - réponses
Question Réponse % Correct
Dans quel musée parisien peut-on admirer la “Joconde” de Léonard de Vinci ? Louvre
93%
Quelle mer, reliée à la Méditerranée par le canal de Suez, s'appelait autrefois "mer Érythrée" ? mer Rouge
73%
De 1908 à 1946, quel titre était porté par les souverains de Bulgarie ? tsar
60%
Quel joueur de tennis français, vainqueur de la coupe Davis en 1991, est surnommé Riton ? Henri Leconte
59%
Quel verbe, associé aux abeilles et signifiant "partager ce qu'on a pris", désigne le fait de récolter le pollen et le nectar des fleurs ? butiner
57%
En 1986, à quelle chanteuse violoniste doit-on le tube "Nuit Magique" ? Catherine Lara
57%
Dans le film "Le Roi Lion" des studios Disney, comment s'appelle le père du héros, Simba ? Mufasa
54%
Quel acteur américain, prénommé Christian, incarne le jeune novice Adso von Melk qui accompagne Sean Connery dans “Le Nom de la rose” en 1986 ? Christian Slater
26%
Quel mot américain, commençant par "G", désigne un gadget publicitaire, un procédé astucieux destiné à provoquer un effet marquant ? gimmick
13%
Quel écrivain romantique publie, en 1823 et 1825, un essai esthétique intitulé “Racine et Shakespeare” ? Stendhal
5%
Aucun quiz correspondant
Distribution des résultats
% des personnes avec chaque résultat
Percentile par nombre de réponses
Votre historique - résultats
Vous n’avez pas pris ce quiz